日本の主な自動車メーカー - Statistics

General Stats
  • This quiz has been taken 659 times
  • The average score is 8 of 11
Answer Stats
Answer % Correct
トヨタ
99%
ホンダ
91%
ニッサン
88%
スズキ
84%
ダイハツ
83%
スバル
78%
マツダ
77%
ミツビシ
71%
ヒノ
63%
イスズ
59%
フソウ
15%
No matching quizzes found
Score Distribution
Percent of People with Each Score
Percentile by Number Answered
Your Score History
You have not taken this quiz